LEADER 00839nab a2200133 i 4500 001 000000329689 003 CaOOAMICUS 005 20180831173625.0 008 180831n it uu u0 0ita r 013 $a41367 040 $aSeMil$bita 245 14$aĞUn maestro che seppe ascoltareğ. A cinquant'anni della morte, ricordiamo mons. Carlo Figini (1883-1967), sacerdote ambrosiano, fondatore della Fafoltà Teologica e docente di generazione di preti... In [rubrica] :$bAnniversari. 773 0 $tVocazione e cambiamento d'epoca. - 32 p. - Titolo dalla copertina.$gp.12-13$w()291856 996 $6245$aĞUn maestro che seppe ascoltareğ. A cinquant'anni della morte, ricordiamo mons. Carlo Figini (1883-1967), sacerdote ambrosiano, fondatore della Fafoltà Teologica e docente di generazione di preti... In [rubrica] :$bAnniversari.$9(OLS)http://semarc/title/418166 LEADER 01105nas a2200265 i 4500 001 000000187596 003 CaOOAMICUS 005 20110208000000.0 008 100319b2010 gw uu u0 0ger r 013 $a165688 040 $aSeMil$bita 245 10$a2010 /$cherausgegeben von Professoren der katholischen Theologie an der Universität Tübingen, M. Seckler ... [et al.]. 260 $aOstfildern :$bSchwabenverlag,$c2010. 300 $a[4], 350 p. :$btabelle ;$c24 cm. 700 1 $aSeckler, Max,$d<1927- >.$0(OLS)http://semarc/name/3180 774 0 $tInhalt des Jahrgangs 2010.$w()272684 774 0 $t[SENZA TITOLO].$w()272685 774 0 $t[SENZA TITOLO].$w()273269 774 0 $t[SENZA TITOLO].$w()273720 774 0 $tKirche unter dem Gericht. - Titolo principale dalla copertina.$w()274519 850 $aSeMil 852 $aSeMil$W1$xVenegono$y1$m103 3 55$j138283$B138283$CSeMilBibl$Z2$F159287 $85 961 $aAbbonamento: Schwabenverlag 996 $6245$a2010$9(OLS)http://semarc/title/265853 996 $6260$aOstfildern :$bSchwabenverlag$9(OLS)http://semarc/publisher/32395